000 01296cab a22002175a 4500
001 L137049
008 070312e2007 xxk 000 0 eng d
035 _a(Sirsi) u137049
041 _aeng
100 _aSheehan, Bernie
245 _aGoing for gold
260 _c2007
490 0 _aWorkplacelaw
_v(25) March 2007, 18-20(3)
520 _aConsiders how the CDM Regulations 2007 will impact on the Olympic Delivery Authority's (ODA) plans for the Olympic Park. Describes the scope of the Olympic Park, the remit of the ODA, and the next phase of the project, Making the Park 3D. Suggests that the ODA is well prepared for the new Regulations, and will benefit from changes such as the improved flow of information and the clarity of the client's responsibilities. The ODA is also taking steps to address the role of the designer in CDM and will shortly launch a communications exercise with designers. Outlines the ODA's health and safety standard and its close working relationship with the London Organising Committee of the Olympic Games.
590 _aKA
650 2 4 _aOLYMPIC GAMES 2012
650 2 4 _aCONSTRUCTION (DESIGN AND MANAGEMENT) REGULATIONS 2007
651 4 _aLONDON
690 _aBUILT ENVIRONMENT-CONSTRUCTION MANAGEMENT-CONSTRUCTION DESIGN AND MANAGEMENT
942 _n0
999 _c78526
_d78526